000 00424nam a2200145 i 4500
001 46142
003 ES-MaACL
005 20230906161333.0
007 t|
008 030328s1882 fr ||||1| fre d
100 1 _aCollot, Louis.
_939755
245 1 0 _aHistoire quaternaire et moderne de l'etang de Berre (côtes de la Méditerranée) /
_cLouis Collot.
260 _aSuiport :
_b[s.n.,
_c1882]
852 _aES-MaACL
_jT-904-F-9
999 _c46142
_d46142